Statistiken für Top 15 Länder mit Covid-19-Todesfällen - 29. Juli

Klicken Sie hier um das Quiz zu spielen!

Allgemein

  • Dieses Quiz wurde 11 mal gespielt
  • Das Durchschnittsergebnis liegt bei 16 aus 20

Antwortstatistiken

Land% Korrekt
Brasilien
100%
Deutschland
100%
Italien
100%
Mexiko
100%
Niederlande
100%
Russland
100%
Schweden
100%
Spanien
100%
Vereinigte Staaten
100%
Frankreich
91%
Iran
91%
Belgien
82%
Chile
82%
Indien
82%
Vereinigtes Königreich
82%
Peru
73%
Ecuador
45%
Irland
45%
Kolumbien
36%
Panama
27%

Verteilung der Resultate

Perzentil nach korrekt beantworteten Fragen

Anzahl Personen mit jedem Resultat

Ihre Resultats-Entwicklung

Sie haben dieses Quiz noch nicht gespielt